La grammaire T1 : Phonologie, morphologie, lexicologie (notice n° 1993981)

détails MARC
000 -LEADER
fixed length control field 01116cam a2200133 4500500
005 - DATE AND TIME OF LATEST TRANSACTION
control field 20260329050336.0
041 ## - LANGUAGE CODE
Language code of text/sound track or separate title fre
042 ## - AUTHENTICATION CODE
Authentication code dc
100 10 - MAIN ENTRY--PERSONAL NAME
Personal name Gardes Tamine, Joëlle
Relator term author
245 00 - TITLE STATEMENT
Title La grammaire T1 : Phonologie, morphologie, lexicologie
260 ## - PUBLICATION, DISTRIBUTION, ETC.
Name of publisher, distributor, etc. Armand Colin,<br/>
Date of publication, distribution, etc. 2018.<br/>
520 ## - SUMMARY, ETC.
Summary, etc. Ce précis de grammaire est un classique dans les études de lettres. Il décrit le fonctionnement de la langue éclairé par la réflexion linguistique. La clarté de la démarche en fait un véritable aide-mémoire. Les exposés théoriques sont assortis d’exercices corrigés qui permettent de mettre en pratique les notions à l’étude et de développer ainsi sa propre réflexion. Ils forment de solides entraînements aux étudiants pour préparer les questions de grammaire aux concours. Cette 5e édition apporte une actualisation des termes et des informations sur l’histoire de la langue, de la prononciation, de la graphie, de la formation des mots et des exercices supplémentaires.
856 41 - ELECTRONIC LOCATION AND ACCESS
Uniform Resource Identifier <a href="https://shs.cairn.info/la-grammaire--9782200621988?lang=fr&redirect-ssocas=7080">https://shs.cairn.info/la-grammaire--9782200621988?lang=fr&redirect-ssocas=7080</a>

Pas d'exemplaire disponible.

PLUDOC

PLUDOC est la plateforme unique et centralisée de gestion des bibliothèques physiques et numériques de Guinée administré par le CEDUST. Elle est la plus grande base de données de ressources documentaires pour les Étudiants, Enseignants chercheurs et Chercheurs de Guinée.

Adresse

627 919 101/664 919 101

25 boulevard du commerce
Kaloum, Conakry, Guinée

Réseaux sociaux

Powered by Netsen Group @ 2025